Lande efter bogstav - E - Statistics

General Stats
  • This quiz has been taken 33 times
  • The average score is 5 of 8
Answer Stats
Land % Correct
Ecuador
81%
Estland
81%
Egypten
76%
Eritrea
71%
Etiopien
71%
Elfenbenskysten
57%
El Salvador
48%
Eswatini
48%
No matching quizzes found
Score Distribution
Percent of People with Each Score
Percentile by Number Answered
Your Score History
You have not taken this quiz